000 00557nam a2200181 a 4500
001 BRCA_665
005 20190320203111.0
008 160408s2007----caua######---#000-0#eng-#
041 _aeng
044 _acau
050 4 _aN582
_b.J43 2007
245 1 0 _aThe J. Paul Getty Trust
_b2006 Report.
260 _aMalibú, California
_bJ. Paul Getty Trust
_c2007
300 _a103 p.
_bil. a color
_c26 cm.
610 2 4 _aJ. Paul Getty Museum
_xInforme de actividades 2006
_zCalifornia (Estados Unidos)
_92212
650 1 4 _aMuseos
_xAdministración
_92213
942 _2lcc
_cB
999 _c575
_d575